<?xml version="1.0" encoding="UTF-8"?>
<record
    xmlns:xsi="http://www.w3.org/2001/XMLSchema-instance"
    xsi:schemaLocation="http://www.loc.gov/MARC21/slim http://www.loc.gov/standards/marcxml/schema/MARC21slim.xsd"
    xmlns="http://www.loc.gov/MARC21/slim">

  <leader>01017cam a22002291  4500</leader>
  <controlfield tag="001">sa 68019825 </controlfield>
  <controlfield tag="003">DLC</controlfield>
  <controlfield tag="005">20260227112720.0</controlfield>
  <controlfield tag="008">900926s1969    ii            000 0 eng  </controlfield>
  <datafield tag="010" ind1=" " ind2=" ">
    <subfield code="a">sa 68019825 </subfield>
  </datafield>
  <datafield tag="025" ind1=" " ind2=" ">
    <subfield code="a">PL489:I-F-E-56</subfield>
  </datafield>
  <datafield tag="040" ind1=" " ind2=" ">
    <subfield code="a">DLC</subfield>
    <subfield code="c">DLC</subfield>
    <subfield code="d">DLC</subfield>
  </datafield>
  <datafield tag="050" ind1="0" ind2="0">
    <subfield code="a">Z5055.I6</subfield>
    <subfield code="b">A546</subfield>
  </datafield>
  <datafield tag="082" ind1="0" ind2="0">
    <subfield code="a">013/.37/509542</subfield>
  </datafield>
  <datafield tag="100" ind1="0" ind2=" ">
    <subfield code="a">J&#x101;fara Raz&#x101;,</subfield>
    <subfield code="d">1939-</subfield>
  </datafield>
  <datafield tag="245" ind1="1" ind2="0">
    <subfield code="a">Doctorate theses of the University of Allahabad:</subfield>
    <subfield code="b">a bibliography from 1887 to 1967 of the recipients of doctorate degrees from the Faculties of Arts, Science. Commerce and Law of the University of Allahabad, with the years award and the titles of their theses.</subfield>
    <subfield code="c">Compiled by Jafar Raza.</subfield>
  </datafield>
  <datafield tag="260" ind1=" " ind2=" ">
    <subfield code="a">[Allahabad]</subfield>
    <subfield code="b">University of Allahabad,</subfield>
    <subfield code="c">1969.</subfield>
  </datafield>
  <datafield tag="300" ind1=" " ind2=" ">
    <subfield code="a">xii, 99 p.</subfield>
    <subfield code="c">25 cm.</subfield>
  </datafield>
  <datafield tag="490" ind1="1" ind2=" ">
    <subfield code="a">University of Allahabad studies (new series);</subfield>
    <subfield code="v">v. 1, nos. 1-6</subfield>
  </datafield>
  <datafield tag="610" ind1="2" ind2="0">
    <subfield code="a">University of Allahabad</subfield>
    <subfield code="x">Dissertations.</subfield>
  </datafield>
  <datafield tag="810" ind1="1" ind2=" ">
    <subfield code="a">Allahabad.</subfield>
    <subfield code="b">University of Allahamad.</subfield>
    <subfield code="t">University of Allahabad studies (new series);</subfield>
    <subfield code="v">v. 1, nos. 1-6.</subfield>
  </datafield>
  <datafield tag="999" ind1=" " ind2=" ">
    <subfield code="c">89097</subfield>
    <subfield code="d">89097</subfield>
  </datafield>
</record>
